| 000 | 01215nam a2200253Ia 4500 | ||
|---|---|---|---|
| 999 |
_c55858 _d55858 |
||
| 001 | 22955 | ||
| 003 | GE_BSU | ||
| 005 | 20230612160502.0 | ||
| 008 | 181216s1959||||ge |||||||||||||| ||geo|| | ||
| 040 | _cGE_BSU | ||
| 041 | _ageo | ||
| 080 | _a821.353.1.09 კ-79 | ||
| 100 |
_aკოტეტიშვილი, ვახტანგ _918626 |
||
| 245 |
_aქართული ლიტერატურის ისტორია XIX ს. / _cვახტანგ კოტეტიშვილი ; რედ. დ. გამეზარდაშვილი. |
||
| 264 |
_aთბილისი : _bსაბჭ. საქართველო, _c1959. |
||
| 300 |
_a639 გვ. : _b1 ფოტო პორტ. ; _c23 სმ. |
||
| 541 | _h6ლ. | ||
| 653 | _aლიტერატურის ისტორია და კრიტიკა | ||
| 653 | _a ქართული ლიტერატურა | ||
| 653 | _aქართული ლიტერატურა | ||
| 653 | _aქართული ლიტერატურის ისტორია XIX ს. | ||
| 700 |
_aგამეზარდაშვილი, დ. _eრედაქტორი _94468 |
||
| 942 |
_cBK _2udc |
||